NLSUI OPAC header image

Power politics : A study of international society (Record no. 9944)

MARC details
000 -LEADER
fixed length control field 00526nam a2200157Ia 4500
008 - FIXED-LENGTH DATA ELEMENTS--GENERAL INFORMATION
fixed length control field 160316s1951 xxu||||| |||| 00| 0 eng d
082 ## - DEWEY DECIMAL CLASSIFICATION NUMBER
Classification number 327.101000
Item number SCH
100 ## - MAIN ENTRY--PERSONAL NAME
Personal name Schwarzenberger George
245 ## - TITLE STATEMENT
Title Power politics : A study of international society
250 ## - EDITION STATEMENT
Edition statement 2nd
260 ## - PUBLICATION, DISTRIBUTION, ETC.
Place of publication, distribution, etc. London
Name of publisher, distributor, etc. Steevens & Sons Ltd.
Date of publication, distribution, etc. 1951
300 ## - PHYSICAL DESCRIPTION
Extent 898p
Other physical details
Dimensions xiii
365 ## - TRADE PRICE
Price amount
650 ## - SUBJECT ADDED ENTRY--TOPICAL TERM
Topical term or geographic name entry element 1.Political Science - International Relations <br/>2.Power Politics- International Relations<br/>3.Role of International Organizations
700 ## - ADDED ENTRY--PERSONAL NAME
Personal name
--
Holdings
Withdrawn status Lost status Damaged status Not for loan Home library Current library Shelving location Date acquired Total Checkouts Full call number Barcode Date last seen Price effective from Koha item type
        NLS NLS Library Compactors 30/05/2017   327.101 SCH 10219 30/05/2017 30/05/2017 BOOKs